000 00731nam a2200229 u 4500
001 65603
005 20180714073018.0
008 160624s2001 xxu r 000 0 spa d
020 _a8425335957
082 0 _a500
_bPAR
100 1 _aPark, Robert L.
_eautor
245 1 0 _aCiencia o vudú :
_bde la ingenuidad al fraude científico. /
_cRobert L. Park, Traducción de Francisco Ramos.
250 _aPrimera edición
264 1 _aItalia :
_bGrijalbo Mondadori,
_c2001
300 _a326 páginas ;
_c23 cm.
336 _atexto
_2rdacontent
337 _asin mediación
_2rdamedia
338 _avolúmen
_2rdacarrier
490 0 _aArena abierta
650 4 _aCiencia
700 1 _aRamos, Francisco
_etraducción
999 _c65603
_d65603